Battalion at war : Singapore 1942 /

Bibliographic Details
Main Author: Moore, Michael, 1941-2009
Format: Book
Language:English
Published: Norwich, Norfolk : Gliddon, 1988.
Subjects:

MARC

Tag First Indicator Second Indicator Subfields
LEADER 00000cam a2200000 a 4500
001 in00001159986
005 20151001062806.0
008 890301s1988 enkab b 001 0beng d
010 |a gb 89030154  
015 |a GB89-30154 
020 |a 0947893113 :  |c £14.95 
035 |a (OCoLC)19457379 
035 |9 AGD6790AM 
040 |a UKM  |c UKM  |d UtOrBLW 
043 |a a-ja---  |a a-my---  |a a-si---  |a a-ja--- 
049 |a TXAS [mil] 
050 1 4 |a D802.M4  |a D767.55 
082 0 4 |a 940.54/25  |a 940.54/25  |2 19 
090 |a D767.55  |b .M66 1988 
100 1 |a Moore, Michael,  |d 1941-2009. 
245 1 0 |a Battalion at war :  |b Singapore 1942 /  |c Michael Moore. 
264 1 |a Norwich, Norfolk :  |b Gliddon,  |c 1988. 
300 |a xv, 164 pages, 32 unnumbered pages of plates :  |b illustrations, maps, portraits ;  |c 25 cm. 
336 |a text  |b txt  |2 rdacontent 
337 |a unmediated  |b n  |2 rdamedia 
338 |a volume  |b nc  |2 rdacarrier 
504 |a Bibliography: pages 157-159. 
500 |a Includes index. 
500 |a Maps on lining papers. 
650 0 |a World War, 1939-1945  |z Malaysia. 
650 0 |a World War, 1939-1945  |x Campaigns  |z Malay Peninsula. 
650 0 |a World War, 1939-1945  |z Singapore. 
651 0 |a Japan  |x Armed Forces  |x History  |y World War, 1939-1945. 
651 0 |a Singapore  |x History  |y Japanese occupation, 1942-1945. 
999 |a MARS 
999 f f |s 10e9dd09-9209-3d8d-9017-44d1fc8f8e80  |i 10b4795b-c0c6-31aa-8a8a-14098bbf909f  |t 0 
952 f f |p noncirc  |a Texas A&M University  |b College Station  |c Cushing Memorial Library & Archives  |d Cushing: Ragan Military (Does not check out)  |t 0  |e D767.55 .M66 1988  |h Library of Congress classification  |i unmediated -- volume  |m A14852647594 
998 f f |a D767.55 .M66 1988  |t 0  |l Cushing: Ragan Military (Does not check out)